[Event "Titled Tue 27th May Early"]
[Site "chess.com INT"]
[Date "2025.05.27"]
[Round "5"]
[White "Sklokin, Sergey"]
[Black "Terry, Renato"]
[Result "0-1"]
[WhiteTitle "FM"]
[BlackTitle "IM"]
[WhiteElo "2311"]
[BlackElo "2508"]
[WhiteFideId "55730230"]
[BlackFideId "3803457"]
[EventDate "2025.05.27"]

1. d4 e6 2. Nf3 Nf6 3. c4 b6 4. g3 Bb7 5. Bg2 g6 6. O-O Bg7 7. b3 O-O 8. Bb2 d6
9. Nc3 Ne4 10. Nxe4 Bxe4 11. e3 Nd7 12. Re1 f5 13. h4 h6 14. Nd2 Bxg2 15. Kxg2
e5 16. dxe5 dxe5 17. Nf3 e4 18. Qd5+ Rf7 19. Nd4 Nc5 20. Qxd8+ Rxd8 21. Red1
Rfd7 22. Kf1 Nd3 23. Bc3 Nxf2 24. Kxf2 c5 25. Ne6 Rxd1 26. Nxd8 Rxd8 27. Bxg7
Kxg7 28. Ke2 Kf6 29. Rf1 h5 30. Rg1 g5 31. Rg2 Rg8 32. hxg5+ Kxg5 33. Rh2 Rh8
34. Rh4 Rh7 35. Kf2 Rd7 36. Ke2 Rg7 37. Kf2 Kh6 38. Rh1 Rd7 39. Ke2 Kg5 40. Rh4
Rd6 41. Rh1 a6 42. Rh4 b5 43. cxb5 axb5 44. Rh1 Ra6 45. Ra1 Kg4 46. Kf2 Ra3 47.
Kg2 c4 48. bxc4 bxc4 49. Kf2 c3 50. Ke2 Kxg3 51. Rg1+ Kh4 52. Rh1+ Kg5 53. Rg1+
Kf6 54. Ra1 h4 55. Kf2 c2 56. Ke2 Rxa2 57. Rc1 h3 58. Kf2 Ke5 59. Kg3 Ra3 60.
Kf2 Rc3 61. Ke2 h2 62. Kd2 Rc8 0-1

[Event "Titled Tue 27th May Early"]
[Site "chess.com INT"]
[Date "2025.05.27"]
[Round "5"]
[White "Li, Hui"]
[Black "Van Dael, Siem"]
[Result "1-0"]
[WhiteTitle "CM"]
[BlackTitle "FM"]
[WhiteElo "2041"]
[BlackElo "2258"]
[WhiteFideId "15400310"]
[BlackFideId "1049771"]
[EventDate "2025.05.27"]

1. e4 e5 2. Nf3 Nc6 3. Bb5 a6 4. Ba4 d6 5. O-O Bg4 6. c3 Qf6 7. d3 Bxf3 8. Qxf3
Qxf3 9. gxf3 f5 10. f4 Ne7 11. fxe5 dxe5 12. f4 O-O-O 13. Bc2 g5 14. fxe5 fxe4
15. d4 Nd5 16. Bxe4 Be7 17. Kh1 Nf4 18. Bxf4 gxf4 19. Nd2 Rdf8 20. Nf3 Na5 21.
Bd3 h6 22. Rg1 Nc6 23. Rg7 Kd8 24. Rag1 Nb8 25. Be4 c6 26. R7g6 Nd7 27. a3 Rh7
28. Rg8 Rf7 29. Rxf8+ Rxf8 30. Rg6 h5 31. Kg2 Nb6 32. Bd3 Nd5 33. Kh1 Ne3 34.
Rg1 h4 35. h3 c5 36. dxc5 Bxc5 37. Nd4 Bxd4 38. cxd4 f3 39. Kh2 f2 40. Rg5 f1=Q
41. Bxf1 Nxf1+ 42. Kg1 Ng3 43. d5 Rf1+ 44. Kg2 Rf2+ 45. Kg1 Rd2 46. Rg8+ Kc7 47.
Rg7+ Kb6 48. Rg6+ Kc5 49. d6 Re2 50. Rg5 Kc6 51. Rg4 Re1+ 52. Kf2 Rf1+ 53. Kg2 1-0

[Event "Titled Tue 27th May Early"]
[Site "chess.com INT"]
[Date "2025.05.27"]
[Round "5"]
[White "Perry, Patrick"]
[Black "Bahmani, Koorosh"]
[Result "0-1"]
[BlackTitle "CM"]
[WhiteElo "2296"]
[BlackElo "2208"]
[WhiteFideId "30917727"]
[BlackFideId "42576750"]
[EventDate "2025.05.27"]

1. e4 c6 2. Nc3 d5 3. Qf3 d4 4. Bc4 Nf6 5. e5 dxc3 6. exf6 exf6 7. Qxc3 Bd6 8.
Nf3 O-O 9. O-O Bg4 10. h3 Bh5 11. d4 Nd7 12. a4 Bc7 13. Re1 Nb6 14. Bd3 Nd5 15.
Qa3 Bd6 16. Qb3 Qd7 17. Be2 Rfe8 18. Bd2 Re7 19. c4 Nf4 20. Bxf4 Bxf4 21. d5
Rae8 22. Kf1 Bg6 23. Bd3 cxd5 24. Bxg6 hxg6 25. cxd5 Bd6 26. Rxe7 Rxe7 27. Re1
g5 28. Rxe7 Qxe7 29. Nd4 g6 30. Qe3 Qd7 31. Nb5 Be5 32. d6 a6 33. Nc3 Qxd6 34.
Ke2 Bxc3 35. Qxc3 Qe5+ 36. Qxe5 fxe5 37. g4 f5 38. Ke3 Kf7 39. f3 Ke6 40. Kd3
Kd5 41. b3 a5 42. Ke3 e4 43. fxe4+ fxe4 44. Ke2 Kd4 45. Kd2 e3+ 46. Ke2 Ke4 47.
Ke1 Kf3 48. Kd1 Kf2 49. Kc2 e2 50. Kc3 e1=Q+ 51. Kc4 Qb4+ 52. Kd5 Qxb3+ 53. Ke5
Qxh3 54. Kf6 Qxg4 55. Kxg6 Qxa4 56. Kh5 b5 57. Kxg5 b4 58. Kf6 b3 59. Ke6 b2 60.
Kd5 b1=Q 61. Kc5 Qac2+ 62. Kd6 Qbd1+ 63. Ke6 Qce2+ 64. Kf5 Qdd3+ 65. Kg5 Qdf3
66. Kg6 Qee4+ 67. Kh6 Qeg4 68. Kh7 Qfh3# 0-1

[Event "Titled Tue 27th May Early"]
[Site "chess.com INT"]
[Date "2025.05.27"]
[Round "5"]
[White "Cahaya, Satria Duta"]
[Black "Andreikin, Dmitry"]
[Result "0-1"]
[WhiteTitle "FM"]
[BlackTitle "GM"]
[WhiteElo "2416"]
[BlackElo "2695"]
[WhiteFideId "7124252"]
[BlackFideId "4158814"]
[EventDate "2025.05.27"]

1. e4 e5 2. Nf3 Nc6 3. Bb5 a6 4. Ba4 Nf6 5. O-O Be7 6. Re1 b5 7. Bb3 O-O 8. a4
Bb7 9. d3 d6 10. Nc3 Na5 11. Ba2 b4 12. Ne2 b3 13. cxb3 c5 14. Ng3 Nc6 15. Bd2
a5 16. b4 axb4 17. Nf5 Bc8 18. Nxe7+ Qxe7 19. Bg5 Bg4 20. Bd5 Nd4 21. Bxa8 Rxa8
22. Re3 h6 23. Bh4 g5 24. Bg3 Bxf3 25. Rxf3 Nxf3+ 26. Qxf3 Qe6 27. a5 Kg7 28.
Qd1 Qd7 29. h4 Qb5 30. hxg5 hxg5 31. Qa4 Qxd3 32. Qc6 Qa6 33. Qc7 Nxe4 34. Bxe5+
dxe5 35. Qxe5+ Nf6 36. Qxg5+ Kf8 37. Qxc5+ Kg8 38. Qg5+ Kh8 39. Qh4+ Nh7 40.
Qxb4 Qc6 41. Qd4+ Qf6 42. Qd5 Rd8 43. Qb5 Rd2 44. Qb8+ Kg7 45. Qg3+ Kf8 46. Qb8+
Rd8 47. Qb4+ Qe7 48. Qc3 Qf6 49. Qb4+ Qd6 50. Qc3 Qd4 51. Qa3+ Kg7 52. a6 Nf6
53. a7 Ne4 54. a8=Q Qxf2+ 55. Kh2 Qf4+ 56. Kg1 Qf2+ 57. Kh2 Qf4+ 58. Kh1 Rxa8
59. Qxa8 Ng3+ 60. Kh2 Ne2+ 61. Kh3 Qg3# 0-1

[Event "Titled Tue 27th May Early"]
[Site "chess.com INT"]
[Date "2025.05.27"]
[Round "5"]
[White "Nguyen Quang Anh"]
[Black "Sheehan, Ethan"]
[Result "1-0"]
[WhiteTitle "CM"]
[WhiteElo "2052"]
[BlackElo "2380"]
[WhiteFideId "12432377"]
[BlackFideId "30943965"]
[EventDate "2025.05.27"]

1. d4 Nf6 2. c4 g6 3. Nc3 Bg7 4. e4 d6 5. f4 O-O 6. Nf3 c5 7. d5 e6 8. Be2 exd5
9. cxd5 Bg4 10. O-O Re8 11. h3 Bxf3 12. Bxf3 a6 13. a4 Nbd7 14. Be3 Qb6 15. Qc2
Qb4 16. a5 b5 17. axb6 Nxb6 18. Bf2 Nfd7 19. Ra3 c4 20. Na4 Rec8 21. Nxb6 Nxb6
22. Ra2 Qb3 23. Qb1 a5 24. Ra3 Qb4 25. e5 dxe5 26. fxe5 Bxe5 27. Re3 Bxb2 28. d6
Bd4 29. Bxa8 Rxa8 30. Rf3 Qxd6 31. Bxd4 Qxd4+ 32. Kh1 Rf8 33. Qb5 Qd6 34. Qxa5
Nd7 35. Qc3 Ne5 36. Re3 f6 37. Qa5 Rc8 38. Qc3 Rd8 39. Re2 Kg7 40. Ref2 Rd7 41.
Qa5 Rf7 42. Qc3 Qd3 43. Qa1 c3 44. Rd1 Qe3 45. Rdf1 Nd3 46. Rf3 Qd2 47. Qa6 f5
48. Qxd3 Rd7 49. Qxd2 cxd2 50. Rd1 Kf6 51. Rf2 Ke5 52. Rfxd2 Rf7 53. Kh2 Kf4 54.
Rf2+ Kg5 55. g3 h5 56. h4+ Kh6 57. Rd6 Kh7 58. Rfd2 Re7 59. Rd7 Rxd7 60. Rxd7+
Kh6 61. Rd6 Kh7 62. Kg2 Kh6 63. Kf3 Kh7 64. Kf4 Kh6 65. Rc6 Kh7 66. Kg5 Kh8 67.
Kxg6 f4 68. Rc8# 1-0

[Event "Titled Tue 27th May Early"]
[Site "chess.com INT"]
[Date "2025.05.27"]
[Round "5"]
[White "Zhakshylykov, Erzhan"]
[Black "Zhauynbay, Alimzhan"]
[Result "0-1"]
[WhiteTitle "IM"]
[BlackTitle "CM"]
[WhiteElo "2362"]
[BlackElo "2077"]
[WhiteFideId "13804111"]
[BlackFideId "13782657"]
[EventDate "2025.05.27"]

1. Nf3 Nf6 2. c4 g6 3. Nc3 Bg7 4. d4 d6 5. Bg5 h6 6. Bh4 g5 7. Bg3 Nh5 8. e3 c5
9. dxc5 Nxg3 10. hxg3 dxc5 11. Qxd8+ Kxd8 12. O-O-O+ Bd7 13. Be2 Nc6 14. Rd5 e6
15. Rxc5 b6 16. Rb5 Na5 17. Rd1 Ke7 18. Rb4 Rhd8 19. Nd4 Rac8 20. Ndb5 Bxb5 21.
Rxd8 Rxd8 22. Nxb5 Nc6 23. Rb3 Na5 24. Ra3 a6 25. Nc3 Rc8 26. Ra4 Bxc3 27. bxc3
Rc5 28. Kc2 Kd6 29. Rb4 Kc7 30. f4 gxf4 31. gxf4 f6 32. Rb1 e5 33. Rh1 exf4 34.
exf4 Nxc4 35. Bxc4 Rxc4 36. g3 Re4 37. Kd3 Re8 38. Rxh6 Rg8 39. Rxf6 Rxg3+ 40.
Kc4 Rg7 41. f5 Re7 42. a4 Re4+ 43. Kd5 Rxa4 44. Rf7+ Kd8 45. c4 Ra1 46. f6 Ke8
47. Rb7 Rd1+ 48. Ke5 Re1+ 49. Kd5 Rd1+ 50. Kc6 Rc1 51. Rxb6 Rxc4+ 52. Kd5 Ra4
53. Ke6 Re4+ 0-1

[Event "Titled Tue 27th May Early"]
[Site "chess.com INT"]
[Date "2025.05.27"]
[Round "5"]
[White "Manon-og, Ramon Jr."]
[Black "Agarwal, Amaya"]
[Result "1-0"]
[BlackTitle "WCM"]
[WhiteElo "1913"]
[BlackElo "2004"]
[WhiteFideId "5200776"]
[BlackFideId "48733580"]
[EventDate "2025.05.27"]

1. e4 c5 2. Nf3 d6 3. Bb5+ Nd7 4. a4 Nf6 5. Nc3 e6 6. O-O Be7 7. d4 cxd4 8. Qxd4
O-O 9. a5 a6 10. Ba4 Nc5 11. Bg5 Nxa4 12. Nxa4 h6 13. Bh4 Qc7 14. Nb6 Rb8 15. c4
Rd8 16. b3 Qc5 17. Qxc5 dxc5 18. Bg3 e5 19. Bxe5 Bd6 20. Bxd6 Rxd6 21. e5 Rxb6
22. axb6 Nd7 23. Rfd1 Nxb6 24. Rd8+ Kh7 25. Rad1 Ra8 26. Rf8 Bg4 27. Rxf7 Re8
28. Rxb7 Nd7 29. Rdxd7 Bxd7 30. Rxd7 Kg6 31. Rd6+ Kf5 32. Rxa6 g6 33. Rc6 Rb8
34. Rxc5 Rxb3 35. Nd4+ Ke4 36. Nxb3 Kd3 37. e6 Kc3 38. e7 Kxb3 39. e8=Q Kb2 40.
Qe3 Kb1 41. Rd5 Ka1 42. Rd1+ Kb2 43. Qc1+ Ka2 44. Rd2+ Kb3 45. Rb2+ Ka4 46. Qc2+
Ka5 47. Rb3 Ka6 48. Rb4 Ka7 49. Ra4+ Kb7 50. Qxg6 Kc7 51. c5 Kb7 52. Qxh6 Kc7
53. Ra7+ Kb8 54. Qb6+ Kc8 55. Qe6+ Kb8 56. Rd7 Kc8 57. c6 Kb8 58. Qb3+ Kc8 59.
Ra7 Kd8 60. f4 Kc8 61. f5 Kd8 62. f6 Ke8 63. Qe6+ Kf8 64. Qf5 Ke8 65. g4 Kf8 66.
g5 Ke8 67. g6 Kf8 68. g7+ Kg8 69. Qe6+ Kh7 70. g8=Q+ Kh6 71. Qh3# 1-0

[Event "Titled Tue 27th May Early"]
[Site "chess.com INT"]
[Date "2025.05.27"]
[Round "5"]
[White "Bold, Andre"]
[Black "Ismagilov, Damir"]
[Result "1-0"]
[WhiteTitle "CM"]
[BlackTitle "CM"]
[WhiteElo "2235"]
[BlackElo "2173"]
[WhiteFideId "16208471"]
[BlackFideId "34199982"]
[EventDate "2025.05.27"]

1. d4 Nf6 2. Nc3 d5 3. Bf4 a6 4. e3 h6 5. Nf3 e6 6. h3 c5 7. dxc5 Bxc5 8. Bd3 b5
9. a3 Bb7 10. Qe2 Nbd7 11. e4 d4 12. Nb1 Nh5 13. Bh2 g5 14. Nbd2 Nf4 15. Bxf4
gxf4 16. e5 Rg8 17. O-O-O Rxg2 18. Rhg1 Rxg1 19. Rxg1 Qc7 20. Rg8+ Nf8 21. Be4
O-O-O 22. Nb3 Bb6 23. Qd3 Nd7 24. Rxd8+ Kxd8 25. Bxb7 Qxb7 26. Nbxd4 Qd5 27. c3
Kc7 28. Kb1 Nxe5 29. Nxe5 Qxe5 30. Qh7 Qf6 31. Ka2 Bxd4 32. cxd4 Kd6 33. Qe4 Qf5
34. Qxf5 exf5 35. Kb3 f3 36. Kc3 Kd5 37. Kd3 f4 38. h4 h5 39. b3 a5 40. Kc3 Ke4
41. a4 bxa4 42. bxa4 Kd5 43. Kd3 f6 44. Kc3 Ke4 45. Kc4 Kf5 46. d5 Kg4 47. d6
Kh3 48. d7 Kg2 49. d8=Q Kxf2 50. Qd2+ Kg1 51. Qxf4 f2 52. Qe3 Kg2 53. Qe4+ Kg1
54. Qg6+ Kh2 55. Qxf6 Kg2 56. Qg5+ Kh2 57. Qf4+ Kg2 58. Qg5+ Kh2 59. Qc1 Kg2 60.
Qd2 Kg1 61. Qe3 Kg2 62. Qe2 Kg1 63. Kb5 f1=Q 64. Qxf1+ Kxf1 65. Kxa5 Kg2 66. Kb4
Kg3 67. a5 Kxh4 68. a6 Kg3 69. a7 h4 70. a8=Q h3 71. Qh1 h2 72. Kc3 1-0

[Event "Titled Tue 27th May Early"]
[Site "chess.com INT"]
[Date "2025.05.27"]
[Round "5"]
[White "Bendayan Claros, Aaron"]
[Black "Kodithuwakku, K K Dinujaya"]
[Result "1-0"]
[WhiteTitle "CM"]
[BlackTitle "CM"]
[WhiteElo "2224"]
[BlackElo "2011"]
[WhiteFideId "3803392"]
[BlackFideId "9998845"]
[EventDate "2025.05.27"]

1. d4 g6 2. e4 Bg7 3. Nf3 d6 4. h3 a6 5. a4 Bf6 6. c3 Bg7 7. Bd3 b6 8. O-O Bb7
9. Re1 e6 10. Nbd2 Nf6 11. Nf1 O-O 12. Ng3 Nbd7 13. Bg5 e5 14. Qd2 Qe8 15. Bh6
Rd8 16. Bxg7 Kxg7 17. Qg5 Kh8 18. Qh6 Ng8 19. Qd2 f6 20. Qe2 Qe6 21. Bxa6 Bxa6
22. Qxa6 f5 23. exf5 gxf5 24. dxe5 dxe5 25. Qb5 Qf6 26. Nxe5 Nc5 27. b4 Ne6 28.
Nd7 Qg5 29. Qe5+ Ng7 30. Nxf8 Rxf8 31. Rad1 Qg6 32. Rd7 h5 33. Qf4 Nf6 34. Rxc7
Nd5 35. Rxg7 Qxg7 36. Qh4 Nf6 37. c4 Qg6 38. c5 bxc5 39. bxc5 Kg8 40. Re6 Kf7
41. Rb6 Re8 42. Kh2 Nd5 43. Ra6 Qxa6 44. Qxh5+ Qg6 45. Qd1 Nf4 46. Qd7+ Re7 47.
Qd4 Ne6 48. Qc4 f4 49. Ne2 Kg7 50. Ng1 Qf5 51. Nf3 Kf6 52. Qc3+ Kf7 53. c6 Qd5
54. Qb4 Nc7 55. Qxf4+ Ke8 56. a5 Qxc6 57. Qg5 Qd6+ 58. g3 Qc6 59. Qg4 Qf6 60.
Qc8+ Kf7 61. Qg4 Nd5 62. Ng5+ Ke8 63. Qc8# 1-0

[Event "Titled Tue 27th May Early"]
[Site "chess.com INT"]
[Date "2025.05.27"]
[Round "5"]
[White "Langheinrich, Ferenc"]
[Black "Swara Lakshmi S Nair"]
[Result "1/2-1/2"]
[WhiteTitle "IM"]
[BlackTitle "WCM"]
[WhiteElo "2346"]
[BlackElo "2178"]
[WhiteFideId "4641973"]
[BlackFideId "25629239"]
[EventDate "2025.05.27"]

1. e4 c5 2. Nf3 d6 3. d4 cxd4 4. Nxd4 Nf6 5. Nc3 Nc6 6. Bg5 e6 7. Qd3 Be7 8.
O-O-O a6 9. f4 Bd7 10. Kb1 Qc7 11. Nf3 O-O-O 12. Bxf6 gxf6 13. g3 Kb8 14. Bg2
Rc8 15. Rhf1 Rhd8 16. Bh3 b5 17. Rc1 Qa5 18. Ne2 d5 19. exd5 Nb4 20. Qb3 Nxd5
21. Ned4 Rc4 22. c3 Nb6 23. Nd2 Rxd4 24. cxd4 Qxd2 25. Rfd1 Qxh2 26. Bf1 Qh5 27.
Bg2 Rc8 28. Rxc8+ Bxc8 29. d5 exd5 30. Rc1 Qf5+ 31. Ka1 Be6 32. Qc3 Bd6 33. Qc6
Nc8 34. Qxa6 Qd3 35. Bf1 Qd2 36. Qxb5+ Ka8 37. Qc6+ Kb8 38. Qb5+ Ka8 39. Qc6+
Kb8 40. a3 Bd7 41. Qc2 Qxc2 42. Rxc2 h5 43. Bg2 Nb6 44. b3 Bf5 45. Rd2 Bxa3 46.
Ka2 Bb4 47. Re2 Kc7 48. Bf3 Bg4 49. Bxg4 hxg4 50. Rh2 Kd6 51. Rh4 f5 52. Rh6+
Kc7 53. Rf6 Nd7 54. Rxf5 Be1 55. Rxd5 Bxg3 56. Rg5 Bxf4 57. Rxg4 Bd6 58. b4 f5
59. Rd4 f4 60. Kb3 Nb6 61. Rd2 Kc6 62. Rc2+ Kd5 63. Rd2+ Kc6 64. Rc2+ Kb5 65.
Rf2 Kc6 66. Rc2+ 1/2-1/2

[Event "Titled Tue 27th May Early"]
[Site "chess.com INT"]
[Date "2025.05.27"]
[Round "5"]
[White "Barp, Alberto"]
[Black "Vafin, Ayrat"]
[Result "1-0"]
[WhiteTitle "IM"]
[BlackTitle "FM"]
[WhiteElo "2414"]
[BlackElo "2302"]
[WhiteFideId "872555"]
[BlackFideId "4146530"]
[EventDate "2025.05.27"]

1. d4 d5 2. Nf3 Nf6 3. Bf4 c5 4. e3 Nc6 5. Nbd2 g6 6. c3 Bg7 7. Bb5 O-O 8. dxc5
Nh5 9. Bxc6 Nxf4 10. exf4 bxc6 11. O-O Rb8 12. Nb3 Qc7 13. Qd2 Ba6 14. Rfe1 Bc4
15. Nbd4 e6 16. Ne5 Rbc8 17. b4 Rfe8 18. Nexc6 f6 19. Na5 e5 20. Nxc4 dxc4 21.
Nb5 Qc6 22. Nd6 Rcd8 23. Qe2 Re7 24. Qxc4+ Kf8 25. f5 Rxd6 26. fxg6 hxg6 27. Qg4
Rd2 28. Qxg6 Qd5 29. h4 Bh8 30. Re3 Rd1+ 31. Rxd1 Qxd1+ 32. Kh2 Rg7 33. Qxf6+
Kg8 34. Qe6+ Kh7 35. Qf5+ Kg8 36. Rxe5 Qd8 37. Rd5 Qxh4+ 38. Kg1 Qe7 39. g3 Rf7
40. Qg4+ Bg7 41. Rf5 Qe1+ 42. Kg2 Qxc3 43. Rxf7 Kxf7 44. Qd7+ Kg6 45. Qd6+ Bf6
46. c6 Qe5 47. Qxe5 Bxe5 48. b5 Kf5 49. f4 Bc7 50. Kf3 Bb6 51. g4+ Kf6 52. Ke4
Ke6 53. a4 Bc7 54. g5 Bb8 55. f5+ Kf7 56. Kd5 Ke7 57. a5 Bc7 58. b6 axb6 59. a6
Bb8 60. c7 Ba7 61. c8=Q b5 62. Qe6+ Kd8 63. g6 Bc5 64. Kc6 Be7 65. Qd7# 1-0

[Event "Titled Tue 27th May Early"]
[Site "chess.com INT"]
[Date "2025.05.27"]
[Round "5"]
[White "Bukreev, Stanislav"]
[Black "Tang, Andrew"]
[Result "1-0"]
[WhiteTitle "FM"]
[BlackTitle "GM"]
[WhiteElo "2328"]
[BlackElo "2529"]
[WhiteFideId "34252347"]
[BlackFideId "2059630"]
[EventDate "2025.05.27"]

1. d4 d5 2. c4 e6 3. Nf3 Nf6 4. Nc3 Be7 5. Bf4 O-O 6. e3 b6 7. Bd3 c5 8. cxd5
Nxd5 9. Nxd5 exd5 10. O-O c4 11. Bc2 Nc6 12. Ne5 Nxe5 13. Bxe5 Be6 14. Qh5 f5
15. f4 b5 16. Rf3 Qe8 17. Qh3 a5 18. Rg3 Rf7 19. Qh5 Bf6 20. Rf1 g6 21. Qh6 Qf8
22. Qh3 Qg7 23. Rg5 b4 24. Qg3 a4 25. h4 Qh6 26. h5 Bxg5 27. fxg5 Qf8 28. Rf4
Rg7 29. Rh4 b3 30. Bb1 a3 31. hxg6 hxg6 32. Qh2 Kf7 33. Bxg7 Qxg7 34. Qc7+ Kg8
35. Qc6 Rf8 36. Qxe6+ Qf7 37. Qxf7+ Rxf7 38. bxa3 Rb7 39. Kh2 bxa2 40. Bxa2 Rb2
41. Bxc4 dxc4 42. d5 c3 43. Rc4 c2 44. Rc7 Kf8 45. d6 Ke8 46. a4 Ra2 47. a5 Kd8
48. Kg3 Ke8 49. Kf3 Rxa5 50. Rxc2 Ra6 51. Rd2 Kd7 52. g4 Ra5 53. Kf4 Ra4+ 54.
Ke5 fxg4 55. Kf6 Re4 56. Kxg6 Rxe3 57. Kh7 g3 58. g6 Re4 59. g7 Rh4+ 60. Kg8 Rg4
61. Rg2 Kxd6 62. Kf7 Rf4+ 63. Kg6 Rg4+ 64. Kf6 Kd7 65. Rd2+ Ke8 66. Ra2 g2 67.
g8=Q+ Rxg8 68. Ra8+ Kd7 69. Rxg8 Kd6 70. Rxg2 1-0

[Event "Titled Tue 27th May Early"]
[Site "chess.com INT"]
[Date "2025.05.27"]
[Round "5"]
[White "Kim, Sergey"]
[Black "Smirnova, Ekaterina"]
[Result "1-0"]
[WhiteTitle "FM"]
[BlackTitle "WIM"]
[WhiteElo "2295"]
[BlackElo "2096"]
[WhiteFideId "13700570"]
[BlackFideId "4110943"]
[EventDate "2025.05.27"]

1. d4 d5 2. c4 c6 3. Nf3 Nf6 4. Qc2 dxc4 5. Qxc4 Bf5 6. e3 e6 7. Bd3 Bxd3 8.
Qxd3 Be7 9. O-O O-O 10. Nc3 c5 11. Rd1 Nc6 12. Qe2 cxd4 13. exd4 Nd5 14. Ne4 Rc8
15. Bg5 Bxg5 16. Nexg5 h6 17. Ne4 Qe7 18. Rac1 Rfd8 19. a3 Nf6 20. Ng3 Qd6 21.
Qb5 Qe7 22. Qa4 Rd5 23. h3 Rcd8 24. Rd3 e5 25. Re1 Qc7 26. dxe5 Rxd3 27. exf6 g6
28. Qh4 Qd6 29. Ne4 Qf8 30. Re2 Nd4 31. Nxd4 R3xd4 32. Qg3 a6 33. h4 h5 34. Ng5
Rd1+ 35. Kh2 Qd6 36. Qxd6 R1xd6 37. Re7 R6d7 38. Re3 Rd6 39. Re7 Rxf6 40. Rxb7
Rxf2 41. Kg3 Rfd2 42. Rxf7 Rxb2 43. Rf6 Rb3+ 44. Kh2 Rxa3 45. Rxg6+ Kf8 46. Rh6
Ke7 47. Rxh5 a5 48. Rh7+ Kf6 49. Ne4+ Ke5 50. Re7+ Kf4 51. Ng5 Kf5 52. Rf7+ Kg6
53. Ra7 a4 54. Nf3 Ra1 55. Ra5 a3 56. h5+ Kf6 57. g4 a2 58. Kg2 Rb8 59. g5+ Ke6
60. Nd4+ Kd6 61. g6 Rh8 62. g7 Rg8 63. Nf5+ Ke6 64. h6 Rb1 65. h7 Rb2+ 66. Kg3
Rb3+ 67. Kg4 1-0

[Event "Titled Tue 27th May Early"]
[Site "chess.com INT"]
[Date "2025.05.27"]
[Round "5"]
[White "Barrientos, Ernesto"]
[Black "Rubes, Jan"]
[Result "1-0"]
[WhiteTitle "CM"]
[BlackTitle "IM"]
[WhiteElo "2027"]
[BlackElo "2426"]
[WhiteFideId "3701247"]
[BlackFideId "338176"]
[EventDate "2025.05.27"]

1. d4 d5 2. c4 e6 3. Nc3 Be7 4. cxd5 exd5 5. Bf4 c6 6. e3 Nf6 7. Bd3 Bg4 8. Qc2
Bh5 9. Nf3 Bxf3 10. gxf3 Nbd7 11. O-O-O a5 12. Kb1 b5 13. e4 Nb6 14. Rhg1 g6 15.
Be5 O-O 16. exd5 Nbxd5 17. Nxd5 Qxd5 18. Bxg6 fxg6 19. Rxg6+ Kh8 20. Rh6 Rf7 21.
Rg1 Rg8 22. Rxg8+ Kxg8 23. Qf5 Qd7 24. Qg5+ Rg7 25. Qf4 Nd5 26. Qe4 Rg1+ 27. Kc2
Nb4+ 28. Kd2 Bg5+ 29. Bf4 Bxh6 30. Bxh6 Rg6 31. Bf4 Nd5 32. Be5 Qf7 33. Qh4 Re6
34. Qd8+ Re8 35. Qg5+ Qg6 36. Qh4 a4 37. a3 h6 38. Kd1 Qb1+ 39. Ke2 Qxb2+ 40.
Kf1 Qb1+ 41. Kg2 Qg6+ 42. Kf1 c5 43. h3 c4 44. f4 c3 45. f5 Qxf5 46. Qg3+ Kf7
47. Qg7+ Ke6 48. Qxh6+ Kd7 49. Qg7+ Re7 50. Qg8 Rxe5 51. dxe5 Qxe5 52. Qf7+ Kc6
53. Qe8+ Kc5 54. Qxe5 c2 55. Qe1 Kc4 56. h4 Nc3 57. h5 Na2 58. h6 c1=Q 59. Qxc1+
Nxc1 60. h7 Kb3 61. h8=Q Na2 62. Qf8 b4 63. axb4 Nxb4 64. Qf3+ Kb2 65. Qe2+ Nc2
66. Qb5+ Ka3 67. f4 Nd4 68. Qc5+ 1-0

[Event "Titled Tue 27th May Early"]
[Site "chess.com INT"]
[Date "2025.05.27"]
[Round "5"]
[White "Lezcano, Gustavo"]
[Black "Fernandes, Rogerio Paulo Muller"]
[Result "0-1"]
[WhiteElo "2007"]
[BlackElo "2241"]
[WhiteFideId "103306"]
[BlackFideId "2101599"]
[EventDate "2025.05.27"]

1. Nf3 c5 2. e4 Nc6 3. Bb5 g6 4. Bxc6 bxc6 5. O-O Bg7 6. Re1 d6 7. d3 Nf6 8. Nc3
O-O 9. h3 Rb8 10. Rb1 Be6 11. b3 Qa5 12. Bd2 Qa6 13. e5 Nd7 14. exd6 exd6 15.
Ng5 Rbe8 16. Nxe6 fxe6 17. Ne4 d5 18. Ng5 e5 19. Qg4 Nf6 20. Qh4 Qc8 21. Bc3 d4
22. Bb2 Qf5 23. Ne4 Nxe4 24. Rxe4 h5 25. Rf1 Bf6 26. Qg3 Bg5 27. Bc1 Bxc1 28.
Rxc1 Rf6 29. h4 Kg7 30. Rf1 Rfe6 31. Qg5 Qxg5 32. hxg5 Rf8 33. f4 Rf5 34. g3 Kf7
35. Kg2 exf4 36. Rxe6 Kxe6 37. gxf4 Rf8 38. Kf3 Kf7 39. Re1 Re8 40. Rh1 Re3+ 41.
Kf2 Ke6 42. Rh4 Kf5 43. Kg2 Re2+ 44. Kf3 Rxc2 45. Rh1 Rd2 46. Rf1 Rxd3+ 47. Ke2
Re3+ 48. Kd2 h4 49. a3 h3 50. a4 Rg3 51. Ke2 Rg2+ 52. Kf3 Rb2 53. Re1 Rxb3+ 54.
Kf2 Kxf4 55. Re6 h2 56. Kg2 Rb2+ 57. Kh1 Kg3 58. Re1 Rg2 59. Ra1 d3 60. Ra3 Rd2
61. Ra1 c4 62. Rb1 c3 63. Ra1 c2 64. Rf1 Rd1 0-1

[Event "Titled Tue 27th May Early"]
[Site "chess.com INT"]
[Date "2025.05.27"]
[Round "5"]
[White "Kochavi, Dana"]
[Black "Levitan, Caleb Levi"]
[Result "0-1"]
[WhiteTitle "FM"]
[BlackTitle "FM"]
[WhiteElo "2226"]
[BlackElo "2333"]
[WhiteFideId "2837137"]
[BlackFideId "14332620"]
[EventDate "2025.05.27"]

1. e4 c5 2. Nf3 e6 3. a4 Nc6 4. Bb5 Nge7 5. O-O Qc7 6. d3 a6 7. Bxc6 Nxc6 8. b3
Be7 9. Bb2 O-O 10. Nbd2 d5 11. Qe2 d4 12. Nc4 Bd7 13. a5 e5 14. Nb6 Rae8 15. Nd5
Qd8 16. Nd2 Nxa5 17. f4 exf4 18. Rxf4 Bd6 19. Rf2 Nc6 20. Raf1 Ne5 21. h3 Be6
22. Nf4 Ng6 23. Nh5 Qg5 24. Nc4 Bxc4 25. bxc4 Qe5 26. g3 f6 27. Qg4 Qg5 28. Rf5
Qxg4 29. hxg4 Ne5 30. g5 fxg5 31. Rxg5 Rxf1+ 32. Kxf1 Rf8+ 33. Ke2 g6 34. Nf4
Kf7 35. Ba3 b6 36. Nd5 Ke6 37. Nxb6 Be7 38. Rxe5+ Kxe5 39. Nd7+ Ke6 40. Nxc5+
Bxc5 41. Bxc5 Rd8 42. Bb6 Rd6 43. Bc5 Rd7 44. Bb6 h5 45. Kf3 g5 46. Bc5 Ke5 47.
Bb6 Rb7 48. c5 Rf7+ 49. Kg2 Rb7 50. Bd8 g4 51. c6 Rb2 52. Bc7+ Ke6 53. Bb6 Rxc2+
54. Kf1 Rxc6 55. Bxd4 Rd6 56. Bf2 Rxd3 57. Ke2 Rf3 58. Be1 Ke5 59. Bd2 Kxe4 60.
Ba5 Re3+ 61. Kf2 Rf3+ 62. Kg2 Ke3 63. Bb6+ Ke2 64. Ba7 a5 65. Bb6 a4 66. Bc5 a3
67. Bxa3 Rxa3 68. Kh2 Kf2 69. Kh1 Rxg3 70. Kh2 Rh3# 0-1

[Event "Titled Tue 27th May Early"]
[Site "chess.com INT"]
[Date "2025.05.27"]
[Round "5"]
[White "Khodabandeh, Milad"]
[Black "Lee, Kyungseok"]
[Result "0-1"]
[WhiteTitle "CM"]
[BlackTitle "CM"]
[WhiteElo "1957"]
[BlackElo "2072"]
[WhiteFideId "12538620"]
[BlackFideId "13202154"]
[EventDate "2025.05.27"]

1. e4 c5 2. Nf3 Nc6 3. d4 cxd4 4. Nxd4 e5 5. Nb5 d6 6. N1c3 a6 7. Na3 b5 8. Nd5
Be7 9. c4 b4 10. Nc2 a5 11. Be3 Rb8 12. b3 Nf6 13. f3 O-O 14. Qd2 Be6 15. Rd1
Ne8 16. Bd3 h6 17. O-O Bg5 18. f4 exf4 19. Nxf4 Bg4 20. Be2 Ne5 21. Nd4 Rc8 22.
Nf5 Bxf5 23. exf5 Qc7 24. Nd5 Bxe3+ 25. Qxe3 Qc5 26. Qxc5 Rxc5 27. f6 g6 28. h4
Kh7 29. h5 Nc7 30. Ne7 Rd8 31. hxg6+ fxg6 32. Bf3 Ne6 33. Bd5 Ng5 34. Rde1 Rc7
35. Be4 Rf8 36. Nd5 Rcf7 37. Bb1 Re8 38. Kh1 Re6 39. Re3 Kg8 40. Rfe1 Kf8 41.
Nf4 Rexf6 42. Nxg6+ Nxg6 43. Re8+ Kg7 44. Bxg6 Kxg6 45. Kh2 Rf1 46. Rg8+ Kh7 47.
Ree8 R1f6 48. Rh8+ Kg6 49. Ra8 Rf2 50. Rxa5 Kh5 51. Re8 Rd2 52. Re3 Rff2 53. Rg3
Kg6 54. Rb5 Rxa2 55. Rxb4 Kf6 56. Rb5 Ke7 57. Rb7+ Ke6 58. Rb6 Rac2 59. Rb5 Nf3+
60. Kh3 Ne5 61. Rd3 Nxd3 62. Rh5 Ne5 63. Rxh6+ Rf6 64. Rh8 Rc3+ 65. Kh2 Rxb3 66.
Rf8 Rxf8 0-1